[Event "2nd American Continental"]
[Site "Buenos Aires ARG"]
[Date "2003.08.23"]
[Round "6"]
[White "Kanefsck, Gustavo"]
[Black "Nogueiras Santiago, Jesus"]
[Result "1-0"]
[WhiteElo "2389"]
[BlackElo "2521"]
[EventDate "2003.08.17"]
[PlyCount "83"]

1.e4 g6 2.d4 d6 3.Nc3 Bg7 4.h3 Nf6 5.Nf3 O-O 6.Be3 c6 7.a4 Nbd7 8.a5 Qc7 
9.Be2 e5 10.dxe5 dxe5 11.Bc4 Nh5 12.O-O Nf4 13.Re1 b5 14.axb6 Nxb6 15.Bb3 
h6 16.Qb1 Bd7 17.Qa2 c5 18.Bxf4 exf4 19.Nd5 Nxd5 20.Bxd5 Bc6 21.c3 Qb6 22.
Nd2 a5 23.Nc4 Qc7 24.Rad1 f3 25.gxf3 Bxd5 26.Rxd5 Qf4 27.Kg2 f5 28.exf5 
Qg5+ 29.Kf1 Qh4 30.Nb6 Qxh3+ 31.Kg1 Kh8 32.Nxa8 gxf5 33.Rd7 Rg8 34.Qxg8+ 
Kxg8 35.Re8+ Bf8 36.Rdd8 Qxf3 37.Rxf8+ Kg7 38.Rg8+ Kf7 39.Nc7 Qb7 40.Rgf8+
Kg6 41.Rd6+ Kg5 42.Ne6+ 1-0

[Event "2nd American Continental"]
[Site "Buenos Aires ARG"]
[Date "2003.08.23"]
[Round "6"]
[White "Lanza, Diego"]
[Black "Cerda Albornoz, Guillermo"]
[Result "0-1"]
[WhiteElo "2067"]
[BlackElo "2224"]
[EventDate "2003.08.17"]
[PlyCount "48"]

1.Nf3 c5 2.g3 g6 3.Bg2 Nc6 4.O-O Bg7 5.d3 Nf6 6.Nbd2 O-O 7.e4 d6 8.Ne1 Rb8
9.c3 b5 10.f4 Qb6 11.c4 Bg4 12.Nef3 Nh5 13.Qe1 Nb4 14.Qe2 Qa6 15.a3 bxc4 
16.Nxc4 Nc6 17.Qf2 Rb3 18.Ne1 Bd4 19.Be3 Qxc4 20.h3 Bd7 21.g4 Nf6 22.e5 
dxe5 23.fxe5 Nxe5 24.g5 Nh5 0-1

[Event "2nd American Continental"]
[Site "Buenos Aires ARG"]
[Date "2003.08.23"]
[Round "6"]
[White "Leeuw, Pablo Gabriel"]
[Black "Bendana Guerrero, Guy"]
[Result "0-1"]
[WhiteElo "2110"]
[BlackElo "2186"]
[EventDate "2003.08.17"]
[PlyCount "27"]

1.e4 e5 2.Nf3 Nf6 3.Nxe5 d6 4.Nf3 Nxe4 5.d4 d5 6.Bd3 Bd6 7.O-O O-O 8.c4 c6
9.Nc3 Nxc3 10.bxc3 Bg4 11.h3 Bh5 12.Bxh7+ Kxh7 13.Ng5+ Qxg5 14.g4 0-1

[Event "2nd American Continental"]
[Site "Buenos Aires ARG"]
[Date "2003.08.23"]
[Round "6"]
[White "Lemos, Damian"]
[Black "Sagalchik, Olga"]
[Result "0-1"]
[WhiteElo "2206"]
[BlackElo "2111"]
[EventDate "2003.08.17"]
[PlyCount "74"]

1.d4 d5 2.Nf3 Nc6 3.Bf4 Bg4 4.e3 e6 5.c4 Nf6 6.a3 Nh5 7.h3 Bxf3 8.Qxf3 
Nxf4 9.Qxf4 e5 10.dxe5 d4 11.Be2 dxe3 12.Qxe3 Nd4 13.Bd1 Bc5 14.O-O a5 15.
Nd2 Ne6 16.Qe1 O-O 17.Nb3 Bb6 18.Bg4 a4 19.Bxe6 fxe6 20.c5 Ba7 21.Na5 Qd5 
22.Qc3 Bxc5 23.Nc4 Bd4 24.Qc2 b5 25.Nd2 Qxe5 26.Nf3 Rxf3 27.gxf3 Qg3+ 28.
Kh1 Qxh3+ 29.Kg1 Qg3+ 30.Kh1 Qxf3+ 31.Kg1 Rf8 32.Qxc7 e5 33.Qe7 h6 34.Kh2 
Rf5 35.Qe6+ Kh7 36.Qxf5+ Qxf5 37.Rac1 e4 0-1

[Event "2nd American Continental"]
[Site "Buenos Aires ARG"]
[Date "2003.08.23"]
[Round "6"]
[White "Leon Hoyos, Manuel"]
[Black "Bentancor, Franco German"]
[Result "1-0"]
[WhiteElo "2281"]
[BlackElo "2177"]
[EventDate "2003.08.17"]
[PlyCount "49"]

1.e4 c5 2.Nf3 d6 3.d4 cxd4 4.Nxd4 Nf6 5.Nc3 Nc6 6.f3 e5 7.Nb3 Be7 8.Be3 
O-O 9.Qd2 a5 10.Bb5 Na7 11.Bd3 Nc6 12.Bb5 Na7 13.Bd3 Nc6 14.Qf2 a4 15.Nd2 
a3 16.b3 Be6 17.Nc4 d5 18.exd5 Nxd5 19.Nxd5 Qxd5 20.O-O Rad8 21.Rad1 Kh8 
22.c3 Bf5 23.Bxf5 Qxd1 24.Nd2 Rxd2 25.Bxd2 1-0

[Event "2nd American Continental"]
[Site "Buenos Aires ARG"]
[Date "2003.08.23"]
[Round "6"]
[White "Lida Garcia, Fernando"]
[Black "Burijovich, Liliana"]
[Result "0-1"]
[WhiteElo "2130"]
[BlackElo "2195"]
[EventDate "2003.08.17"]
[PlyCount "44"]

1.e4 c5 2.Nc3 e6 3.g3 d5 4.Bg2 Nf6 5.e5 Nfd7 6.f4 Nc6 7.d3 f6 8.exf6 Nxf6 
9.Nf3 Bd6 10.O-O O-O 11.d4 b6 12.Re1 cxd4 13.Nb5 Bb4 14.Re2 Ba6 15.a4 Qd7 
16.Bh3 Rae8 17.Kg2 Bc5 18.Re1 Ne4 19.Nbxd4 Nxd4 20.Nxd4 Bb7 21.Nxe6 Rxe6 
22.Rxe4 d4 0-1

[Event "2nd American Continental"]
[Site "Buenos Aires ARG"]
[Date "2003.08.23"]
[Round "6"]
[White "Llanos, Guillermo"]
[Black "Ojeda, Hernan"]
[Result "1-0"]
[WhiteElo "2398"]
[BlackElo "2226"]
[EventDate "2003.08.17"]
[PlyCount "91"]

1.b3 Nf6 2.Bb2 d6 3.d4 g6 4.Nf3 Bg7 5.g3 O-O 6.c4 Nfd7 7.Bg2 e5 8.dxe5 
dxe5 9.Nc3 e4 10.Nd4 Nc5 11.Nc2 Bg4 12.Qxd8 Rxd8 13.b4 Ncd7 14.Bxe4 Nc6 
15.O-O-O Bxc3 16.Bxc3 Bxe2 17.Rd2 Bxc4 18.Bxc6 bxc6 19.Rhd1 Bd5 20.b5 Bf3 
21.Rxd7 Bxd1 22.Rxd1 Rxd1+ 23.Kxd1 cxb5 24.Nd4 Rd8 25.Kc2 b4 26.Bb2 c5 27.
Nc6 Re8 28.Kd3 Re6 29.Ne5 Ra6 30.Kc4 Rxa2 31.Nd3 a5 32.Kb3 c4+ 33.Kxa2 
cxd3 34.Bc1 a4 35.Bd2 b3+ 36.Kb2 Kg7 37.Kc3 Kf6 38.Kxd3 a3 39.Bb4 b2 40.
Kc2 a2 41.Kxb2 a1=Q+ 42.Kxa1 Kf5 43.f3 g5 44.h3 h5 45.Bd2 g4 46.fxg4+ 1-0

[Event "2nd American Continental"]
[Site "Buenos Aires ARG"]
[Date "2003.08.23"]
[Round "6"]
[White "Lo Presti, Roberto"]
[Black "Alvarez, Hector"]
[Result "0-1"]
[WhiteElo "2042"]
[BlackElo "2216"]
[EventDate "2003.08.17"]
[PlyCount "62"]

1.e4 b6 2.Nf3 Bb7 3.Nc3 e6 4.d4 Ne7 5.Bd3 g6 6.O-O Bg7 7.Re1 O-O 8.Bg5 h6 
9.Bh4 d6 10.e5 Nd7 11.exd6 cxd6 12.Ne4 g5 13.Nfxg5 hxg5 14.Nxg5 Nf6 15.Re3
Qd7 16.Rg3 Ng6 17.Rh3 Qc6 18.Nf3 Nf4 19.Rg3 N6h5 20.Rg4 f5 21.Rg5 Kf7 22.
Kf1 Bf6 23.Rxh5 Nxh5 24.Ne5+ dxe5 25.Qxh5+ Ke7 26.Qh7+ Rf7 27.Bxf6+ Kxf6 
28.Qh4+ Kg7 29.Qg5+ Kf8 30.dxe5 Rg7 31.Qf6+ Kg8 0-1

[Event "2nd American Continental"]
[Site "Buenos Aires ARG"]
[Date "2003.08.23"]
[Round "6"]
[White "Luconi, Cristian"]
[Black "Echeguren, Gustavo"]
[Result "1-0"]
[WhiteElo "2115"]
[BlackElo "2091"]
[EventDate "2003.08.17"]
[PlyCount "53"]

1.d4 Nf6 2.Nf3 d5 3.Bf4 e6 4.Nbd2 c5 5.e3 Be7 6.c3 Nbd7 7.Bd3 O-O 8.h4 h5 
9.Ne5 g6 10.Qc2 Nxe5 11.dxe5 Ne8 12.O-O-O Ng7 13.Rdg1 c4 14.Be2 Bxh4 15.g4
hxg4 16.Rxg4 Nf5 17.f3 Bf2 18.Rg2 Bh4 19.e4 Ng7 20.Rgh2 g5 21.Bg3 f6 22.
Bxh4 gxh4 23.Rxh4 fxe5 24.exd5 Qf6 25.Qh7+ Kf7 26.Ne4 Qg6 27.Nd6+ 1-0

[Event "2nd American Continental"]
[Site "Buenos Aires ARG"]
[Date "2003.08.23"]
[Round "6"]
[White "Lujan, Carolina"]
[Black "Roselli Mailhe, Bernardo"]
[Result "1/2-1/2"]
[WhiteElo "2263"]
[BlackElo "2440"]
[EventDate "2003.08.17"]
[PlyCount "181"]

1.e4 c5 2.Nf3 d6 3.d4 cxd4 4.Nxd4 Nf6 5.Nc3 g6 6.Be3 Bg7 7.f3 O-O 8.Qd2 
Nc6 9.O-O-O Bd7 10.g4 Rc8 11.h4 Ne5 12.h5 Qa5 13.Kb1 Rxc3 14.Qxc3 Qxc3 15.
bxc3 Nxf3 16.Nxf3 Bxg4 17.Bg2 Nxe4 18.Rd3 Nxc3+ 19.Kb2 Ne4+ 20.Kb1 Ng3 21.
h6 Bf6 22.Rg1 Bf5 23.Ra3 Rc8 24.Ne1 Ne2 25.Rf1 Nc3+ 26.Kc1 d5 27.Rxa7 b5 
28.Bd2 e6 29.Rf3 b4 30.Bf1 Bd4 31.Ra6 e5 32.Be3 Bxe3+ 33.Rxe3 e4 34.Bh3 
Kf8 35.Bxf5 gxf5 36.Rh3 f4 37.Rh5 f3 38.Rf5 Ne2+ 39.Kd2 Nd4 40.Rff6 Ke7 
41.Ke3 Ne6 42.Rf5 Rc3+ 43.Kf2 Rc5 44.Ra7+ Nc7 45.Rxc7+ Rxc7 46.Rxd5 Ke6 
47.Rd4 Ke5 48.Rxb4 Rc6 49.Ke3 Rc3+ 50.Kf2 Rc6 51.Ke3 Rc3+ 52.Kf2 f5 53.a4 
Rc6 54.a5 Rxh6 55.Nxf3+ exf3 56.Kxf3 Rh3+ 57.Ke2 Ra3 58.Rh4 Rxa5 59.Rxh7 
Kf4 60.Rh3 Rc5 61.c3 Re5+ 62.Kf2 Ra5 63.Rh4+ Kg5 64.Rc4 Ra2+ 65.Kf3 Rc2 
66.Rc8 Rc1 67.Rc7 Rf1+ 68.Kg2 Rd1 69.Kf3 Rd3+ 70.Ke2 Rh3 71.Kf2 Kg4 72.Kg2
Rd3 73.Kf2 Rd1 74.Rc8 Rc1 75.Rc7 Rc2+ 76.Ke3 f4+ 77.Kd3 Ra2 78.c4 f3 79.
Rf7 Kg3 80.c5 f2 81.c6 Ra7 82.Rf8 Rc7 83.Rg8+ Kf3 84.Rf8+ Kg2 85.Ke2 Re7+ 
86.Kd3 Rc7 87.Ke2 Re7+ 88.Kd3 Re6 89.c7 Rc6 90.Rg8+ Kh2 91.Rh8+ 1/2-1/2

[Event "2nd American Continental"]
[Site "Buenos Aires ARG"]
[Date "2003.08.23"]
[Round "6"]
[White "Mahia, Gustavo"]
[Black "Vera Insfran, Jorge"]
[Result "1-0"]
[WhiteElo "2377"]
[BlackElo "2189"]
[EventDate "2003.08.17"]
[PlyCount "95"]

1.e4 c5 2.Nf3 d6 3.d4 cxd4 4.Nxd4 Nf6 5.Nc3 g6 6.Be3 Bg7 7.Be2 O-O 8.O-O 
Nc6 9.Nb3 Be6 10.f4 Qc8 11.Kh1 Rd8 12.Bf3 d5 13.e5 Ne4 14.Nb5 f6 15.exf6 
exf6 16.N3d4 Bf7 17.f5 a6 18.Nxc6 bxc6 19.Nd4 Re8 20.Bg1 Rb8 21.Rb1 c5 22.
Nb3 d4 23.Bxe4 Rxe4 24.Qd3 Bd5 25.c4 Ba8 26.Rbe1 gxf5 27.Re2 Qe6 28.Ref2 
Rg4 29.h3 Rg5 30.Bh2 Rc8 31.Bf4 Be4 32.Qe2 Rg6 33.Nc1 Bh6 34.Bxh6 Rxh6 35.
Kh2 Qd6+ 36.Kg1 Qg3 37.Rf3 Bxf3 38.Qe6+ Kg7 39.Qd7+ Kg6 40.Rxf3 Qe1+ 41.
Kh2 Qe5+ 42.Rg3+ Kh5 43.Nd3 Qe4 44.Qxc8 Rg6 45.Qc7 Rxg3 46.Qxh7+ Kg5 47.
Qg7+ Kh5 48.Qxg3 1-0

[Event "2nd American Continental"]
[Site "Buenos Aires ARG"]
[Date "2003.08.23"]
[Round "6"]
[White "Malbran, Guillermo"]
[Black "Aguilar, Andres"]
[Result "0-1"]
[WhiteElo "2345"]
[BlackElo "2204"]
[EventDate "2003.08.17"]
[PlyCount "84"]

1.e4 c5 2.Nf3 d6 3.c3 Nf6 4.Be2 e6 5.O-O Be7 6.Re1 Nbd7 7.Bd3 b6 8.Bc2 Bb7
9.d4 Qc7 10.Bf4 Rc8 11.e5 dxe5 12.Nxe5 Nxe5 13.dxe5 Nd5 14.Bc1 O-O 15.Qg4 
f5 16.exf6 Rxf6 17.Bg5 Rcf8 18.Bxf6 Rxf6 19.g3 c4 20.Nd2 Bc5 21.Re2 Qf7 
22.Ne4 Rg6 23.Ng5 Rxg5 24.Qxg5 Qf3 25.Qd8+ Kf7 26.Qd7+ Ne7 27.Qxb7 Qxb7 
28.Rae1 Qd5 29.b4 Bd6 30.Rd1 Qc6 31.Be4 Qc7 32.Red2 Be5 33.Rd7 Qc8 34.Rxa7
Bxc3 35.a3 Bf6 36.f4 c3 37.Rc1 Qc4 38.Bf3 Qd3 39.Rf1 Bd4+ 40.Kg2 Qd2+ 41.
Kh3 c2 42.Rc7 Bc3 0-1

[Event "2nd American Continental"]
[Site "Buenos Aires ARG"]
[Date "2003.08.23"]
[Round "6"]
[White "Manzone, Alessandro jr"]
[Black "Bitelmajer, Martin"]
[Result "1/2-1/2"]
[WhiteElo "2119"]
[BlackElo "2230"]
[EventDate "2003.08.17"]
[PlyCount "61"]

1.d4 Nf6 2.c4 c5 3.d5 e6 4.Nc3 exd5 5.cxd5 d6 6.e4 g6 7.f4 Bg7 8.Bb5+ Nfd7
9.a4 Na6 10.Nf3 O-O 11.O-O Nc7 12.Bxd7 Bxd7 13.f5 b5 14.Bg5 Bf6 15.Bxf6 
Qxf6 16.e5 dxe5 17.Ne4 Qg7 18.f6 Qh6 19.Kh1 Rad8 20.Nxe5 Bf5 21.Ng3 Nxd5 
22.Qc1 Qxc1 23.Raxc1 Nxf6 24.Nxf5 gxf5 25.axb5 Ne4 26.Rxf5 Rd2 27.Nc4 Re2 
28.Kg1 Re8 29.Kf1 Nd2+ 30.Nxd2 Rxd2 31.Rf2 1/2-1/2

[Event "2nd American Continental"]
[Site "Buenos Aires ARG"]
[Date "2003.08.23"]
[Round "6"]
[White "Martinez Garcia, Jose Joaquin"]
[Black "Ripari, Marcelo"]
[Result "1-0"]
[WhiteElo "2172"]
[BlackElo "2319"]
[EventDate "2003.08.17"]
[PlyCount "71"]

1.d4 Nf6 2.c4 g6 3.Nc3 d5 4.Nf3 Bg7 5.cxd5 Nxd5 6.e4 Nxc3 7.bxc3 c5 8.Bb5+
Nc6 9.O-O cxd4 10.cxd4 O-O 11.Be3 Bg4 12.Bxc6 bxc6 13.Rc1 Qa5 14.Qd2 Qa6 
15.Rc5 Rfd8 16.Rfc1 Rac8 17.Ne5 Bxe5 18.Rxe5 Be6 19.Ra5 Qb7 20.Qc3 f6 21.
Qc5 a6 22.Qa3 Kf7 23.Rxa6 Ra8 24.Rxa8 Rxa8 25.Qc5 Bxa2 26.Qxc6 Qxc6 27.
Rxc6 Bb1 28.f3 f5 29.e5 Rd8 30.Bg5 h6 31.e6+ Kg8 32.Bxe7 Rxd4 33.Bf6 Rd1+ 
34.Kf2 g5 35.Rc8+ Kh7 36.e7 1-0

[Event "2nd American Continental"]
[Site "Buenos Aires ARG"]
[Date "2003.08.23"]
[Round "6"]
[White "Mazziotti Irigoyen, Gabriel"]
[Black "Markzon, Gregory"]
[Result "1/2-1/2"]
[WhiteElo "2238"]
[BlackElo "2267"]
[EventDate "2003.08.17"]
[PlyCount "39"]

1.d4 Nf6 2.c4 g6 3.Nc3 Bg7 4.e4 d6 5.f3 O-O 6.Be3 Nc6 7.Qd2 a6 8.Bd3 e5 9.
d5 Nd4 10.Nge2 Nh5 11.O-O f5 12.Bg5 Bf6 13.Bxf6 Nxe2+ 14.Nxe2 Nxf6 15.exf5
gxf5 16.f4 e4 17.Bc2 Bd7 18.b4 Qe7 19.Qd4 b6 20.Nc3 1/2-1/2

[Event "2nd American Continental"]
[Site "Buenos Aires ARG"]
[Date "2003.08.23"]
[Round "6"]
[White "Mieles Palau, Daniel"]
[Black "Liascovich, Lucas"]
[Result "1-0"]
[WhiteElo "2468"]
[BlackElo "2310"]
[EventDate "2003.08.17"]
[PlyCount "65"]

1.e4 c5 2.Nf3 Nc6 3.d4 cxd4 4.Nxd4 Nf6 5.Nc3 g6 6.Be3 Bg7 7.Nxc6 bxc6 8.e5
Nd5 9.Nxd5 cxd5 10.Qxd5 Rb8 11.O-O-O O-O 12.Bxa7 Bb7 13.Qxd7 Qa5 14.Bxb8 
Qxa2 15.f4 Rxb8 16.Qc7 Qa1+ 17.Kd2 Qa7 18.Ke1 Bh6 19.Rd8+ Rxd8 20.Qxd8+ 
Kg7 21.Qd2 Qa4 22.c4 Qa1+ 23.Kf2 Qb1 24.h4 Qe4 25.Kg3 f6 26.exf6+ exf6 27.
b4 Kg8 28.c5 Bd5 29.b5 Bf8 30.Bd3 Qd4 31.Rd1 Qxc5 32.Bxg6 Bb3 33.Bxh7+ 1-0

[Event "2nd American Continental"]
[Site "Buenos Aires ARG"]
[Date "2003.08.23"]
[Round "6"]
[White "Monier, Raul"]
[Black "Ivanov, Alexander"]
[Result "0-1"]
[WhiteElo "2405"]
[BlackElo "2538"]
[EventDate "2003.08.17"]
[PlyCount "94"]

1.d4 g6 2.Nf3 Bg7 3.c4 d6 4.Nc3 Bg4 5.e3 Nc6 6.Be2 e5 7.d5 Nce7 8.e4 Bxf3 
9.Bxf3 h5 10.h4 Bh6 11.g3 Bxc1 12.Rxc1 Nf6 13.O-O O-O 14.Qd2 Qd7 15.Bg2 c6
16.dxc6 Nxc6 17.Rfd1 Rfd8 18.Qg5 Kg7 19.Nb5 Qe7 20.Qe3 a6 21.Nc3 Nd4 22.
Ne2 Nxe2+ 23.Qxe2 Nd7 24.Bh3 Nb8 25.c5 Nc6 26.Rd5 Nd4 27.Qe3 dxc5 28.Rdxc5
Nc6 29.Bf1 Rd4 30.a3 Qd6 31.R5c2 Rd1 32.Rxd1 Qxd1 33.Rc1 Qd7 34.Bc4 Nd4 
35.Bd5 Rc8 36.Kg2 a5 37.Rc3 b6 38.Qg5 f6 39.Qe3 Rc7 40.Qc1 Rxc3 41.Qxc3 g5
42.hxg5 fxg5 43.f3 h4 44.b3 Qd8 45.Qe3 Qf6 46.b4 axb4 47.axb4 hxg3 0-1

[Event "2nd American Continental"]
[Site "Buenos Aires ARG"]
[Date "2003.08.23"]
[Round "6"]
[White "Morgado, Juan Sebastian"]
[Black "Castaneda, Carlos"]
[Result "0-1"]
[WhiteElo "2275"]
[BlackElo "2148"]
[EventDate "2003.08.17"]
[PlyCount "130"]

1.e4 g6 2.d4 Bg7 3.c3 d6 4.Bd3 Nf6 5.Nf3 O-O 6.O-O Bg4 7.h3 Bxf3 8.Qxf3 e5
9.Bg5 exd4 10.cxd4 Nc6 11.Qe3 Re8 12.Nc3 Qd7 13.Rad1 Nxd4 14.Qxd4 Nxe4 15.
Qxe4 Rxe4 16.Nxe4 Qa4 17.Nf6+ Kh8 18.Nd5 Qa5 19.Bc4 Bxb2 20.Bb3 c6 21.Bd2 
Qd8 22.Nc3 d5 23.Rfe1 Qf6 24.Re3 Kg8 25.Rf3 Qg7 26.Re1 b5 27.Re7 a5 28.Rc7
a4 29.Bc2 Qd4 30.Rd3 Qb6 31.Rd7 Re8 32.Be3 Qb8 33.g3 Qc8 34.Rd6 Ba3 35.Rf6
Be7 36.Rf3 Qxh3 37.Ne2 Bd6 38.Rd4 Qh5 39.Kg2 c5 40.Nf4 Qxf3+ 41.Kxf3 cxd4 
42.Bxd4 Be5 43.Bc5 Rc8 44.Nd3 Bd4 45.Bxd4 Rxc2 46.a3 f5 47.Nb4 Rc4 48.Ke3 
f4+ 49.gxf4 h5 50.Nxd5 Kf7 51.Kd3 h4 52.Ne3 h3 53.Nf1 Ke6 54.Be5 g5 55.Bg7
Rxf4 56.Ke3 Kf5 57.Bf8 g4 58.Ng3+ Ke5 59.Bg7+ Rf6 60.Nh5 h2 61.Bxf6+ Kf5 
62.Ng3+ Kxf6 63.Kd4 Kg5 64.Kc5 Kf4 65.Kxb5 Kf3 0-1

[Event "2nd American Continental"]
[Site "Buenos Aires ARG"]
[Date "2003.08.23"]
[Round "6"]
[White "Morinongeli, Martin"]
[Black "Giampa, Alejandro"]
[Result "0-1"]
[WhiteElo "2143"]
[BlackElo "2271"]
[EventDate "2003.08.17"]
[PlyCount "54"]

1.c4 b6 2.Nf3 Bb7 3.g3 Nf6 4.Bg2 e6 5.O-O Be7 6.Nc3 O-O 7.Re1 c5 8.e4 d6 
9.d4 Nc6 10.b3 a6 11.a4 Nd7 12.Bb2 Bf6 13.e5 dxe5 14.dxe5 Be7 15.Ne4 Rb8 
16.Qc2 h6 17.Rad1 Qc7 18.Qc3 Rfd8 19.Nd6 Ba8 20.Re4 Nd4 21.Nxd4 Bxe4 22.
Bxe4 cxd4 23.Qxd4 Nxe5 24.Qxe5 Bf6 25.Bh7+ Kf8 26.Qf4 Bxb2 27.Bg6 Bf6 0-1

[Event "2nd American Continental"]
[Site "Buenos Aires ARG"]
[Date "2003.08.23"]
[Round "6"]
[White "Needleman, Gaston"]
[Black "Hernandez Lagos, Hector"]
[Result "1-0"]
[WhiteElo "2155"]
[BlackElo "2200"]
[EventDate "2003.08.17"]
[PlyCount "63"]

1.Nf3 Nf6 2.d4 g6 3.g3 Bg7 4.Bg2 O-O 5.O-O c6 6.a4 d6 7.a5 Nbd7 8.Nc3 d5 
9.a6 b5 10.e4 e6 11.e5 Ne8 12.Bf4 h6 13.h4 Nc7 14.Qd2 Kh7 15.Nd1 Bxa6 16.
Ne3 Bc8 17.Ng4 Rh8 18.Bxh6 Bxh6 19.Qxh6+ Kg8 20.Qf4 Kg7 21.Ng5 Qe7 22.Nf6 
Ne8 23.Nxe8+ Rxe8 24.Ra3 a5 25.Rf3 Rf8 26.Bh3 Nb6 27.h5 gxh5 28.Qh4 Ra7 
29.Rf6 Rh8 30.Nxe6+ Bxe6 31.Bxe6 fxe6 32.Qg5+ 1-0

[Event "2nd American Continental"]
[Site "Buenos Aires ARG"]
[Date "2003.08.23"]
[Round "6"]
[White "Novikov, Igor"]
[Black "Zambrana, Oswaldo"]
[Result "1/2-1/2"]
[WhiteElo "2598"]
[BlackElo "2404"]
[EventDate "2003.08.17"]
[PlyCount "85"]

1.d4 Nf6 2.c4 e6 3.Nf3 b6 4.g3 Bb7 5.Bg2 Be7 6.O-O O-O 7.b3 d5 8.Nc3 Na6 
9.Ne5 c5 10.cxd5 cxd4 11.Qxd4 Nb4 12.Ba3 Nbxd5 13.Nxd5 Bxd5 14.Bxe7 Qxe7 
15.e4 Bb7 16.Rac1 Rac8 17.Qa4 Rc5 18.Rxc5 Qxc5 19.Qxa7 Bxe4 20.Bxe4 Nxe4 
21.Nd7 Qe7 22.Rd1 Nc3 23.Qxb6 Rc8 24.Qa6 Rd8 25.Rd2 Nd5 26.Ne5 Qb4 27.Qa7 
Rf8 28.Qd4 Qb7 29.Nc4 h6 30.Ne3 Nf6 31.Rc2 Rb8 32.Ng4 Nd5 33.Ne5 Nb4 34.
Rd2 Rc8 35.Nc4 Nxa2 36.Qb2 Ra8 37.Rd6 Nb4 38.Ne3 Rb8 39.Qd4 Nd5 40.Nxd5 
exd5 41.Qd3 g6 42.Qxd5 Qxd5 43.Rxd5 1/2-1/2

[Event "2nd American Continental"]
[Site "Buenos Aires ARG"]
[Date "2003.08.23"]
[Round "6"]
[White "Orsini, Antonio"]
[Black "Dorin, Mauricio"]
[Result "0-1"]
[WhiteElo "2181"]
[BlackElo "2395"]
[EventDate "2003.08.17"]
[PlyCount "66"]

1.e4 c5 2.Nf3 e6 3.Nc3 a6 4.g3 d5 5.exd5 exd5 6.d4 c4 7.Bg2 h6 8.O-O Nf6 
9.Re1+ Be7 10.Qe2 Nc6 11.Ne5 Nxd4 12.Qd1 Nc6 13.Nxd5 Nxe5 14.Rxe5 Be6 15.
Be3 Bxd5 16.Bxd5 Qc7 17.Qd4 Rd8 18.Bf4 O-O 19.Qxc4 Bd6 20.Qxc7 Bxc7 21.
Bxb7 Bxe5 22.Bxe5 a5 23.c4 Ng4 24.Bc3 Rb8 25.Bf3 Nf6 26.b3 a4 27.b4 Rfd8 
28.Bxf6 gxf6 29.Rb1 Rd2 30.c5 Rxa2 31.b5 a3 32.b6 Rc2 33.c6 a2 0-1

[Event "2nd American Continental"]
[Site "Buenos Aires ARG"]
[Date "2003.08.23"]
[Round "6"]
[White "Pedro, Fernando"]
[Black "Benko, Francisco"]
[Result "1-0"]
[WhiteElo "2273"]
[BlackElo "2142"]
[EventDate "2003.08.17"]
[PlyCount "65"]

1.e4 e5 2.d4 exd4 3.Qxd4 Nc6 4.Qe3 Nf6 5.Nc3 Bb4 6.Bd2 O-O 7.O-O-O Re8 8.
Qg3 d6 9.f3 Nh5 10.Qf2 Bc5 11.Qe1 Be6 12.g4 Nf6 13.Qg3 Qe7 14.h4 Ne5 15.h5
Nc4 16.Bxc4 Bxc4 17.g5 Nd7 18.f4 c6 19.b3 d5 20.e5 Ba6 21.Nf3 Qd8 22.Kb1 
Bf8 23.g6 fxg6 24.hxg6 h6 25.Ng5 Qe7 26.Nf7 Nc5 27.f5 d4 28.f6 Qc7 29.Bxh6
gxf6 30.Bxf8 Kxf8 31.Rh8+ Kg7 32.exf6+ Kxf6 33.Qxc7 1-0

[Event "2nd American Continental"]
[Site "Buenos Aires ARG"]
[Date "2003.08.23"]
[Round "6"]
[White "Perdomo, Leandro"]
[Black "Arenas, Sergio"]
[Result "1-0"]
[WhiteElo "2304"]
[BlackElo "2155"]
[EventDate "2003.08.17"]
[PlyCount "89"]

1.d4 d5 2.c4 Bf5 3.Nf3 e6 4.Nc3 Nf6 5.Bf4 c6 6.e3 Nbd7 7.Qb3 Qb6 8.Qxb6 
axb6 9.Nh4 Bb4 10.Nxf5 exf5 11.Bd3 dxc4 12.Bxc4 Ne4 13.Rc1 b5 14.Bb3 Nb6 
15.f3 Nf6 16.Kf2 Bxc3 17.bxc3 Nfd5 18.Bg3 Nc4 19.e4 f4 20.exd5 fxg3+ 21.
hxg3 cxd5 22.Rh5 Nb6 23.Re1+ Kf8 24.Bxd5 g6 25.Rhe5 f6 26.Bxb7 fxe5 27.
Bxa8 Nxa8 28.Rxe5 Kf7 29.Rxb5 Rc8 30.Rb3 Rc4 31.Ke3 Nc7 32.Kd3 Rc6 33.Rb7 
Ke6 34.c4 Kd6 35.d5 Ra6 36.c5+ Kxc5 37.Rxc7+ Kxd5 38.Rxh7 Ra3+ 39.Ke2 
Rxa2+ 40.Kf1 Ke5 41.Rf7 Ke6 42.Rf8 g5 43.Kg1 Ra7 44.f4 Ra1+ 45.Kh2 1-0

[Event "2nd American Continental"]
[Site "Buenos Aires ARG"]
[Date "2003.08.23"]
[Round "6"]
[White "Rodi, Luis Ernesto"]
[Black "Iregui, Victor"]
[Result "1-0"]
[WhiteElo "2221"]
[BlackElo "2151"]
[EventDate "2003.08.17"]
[PlyCount "49"]

1.e4 e6 2.d3 b6 3.Nd2 Bb7 4.Ngf3 d6 5.g3 Nd7 6.Bg2 Ngf6 7.O-O Be7 8.Qe2 
O-O 9.a4 a5 10.Nd4 c5 11.Nb5 e5 12.Nc4 Ne8 13.f4 Bc6 14.Nc3 f5 15.fxe5 
fxe4 16.exd6 Rxf1+ 17.Qxf1 Nxd6 18.Nxd6 Bxd6 19.Nxe4 Qc7 20.Qf5 Re8 21.Bd2
Be5 22.Rf1 Nf6 23.Bf4 Nxe4 24.Bxe5 Qxe5 25.Qf7+ 1-0

[Event "2nd American Continental"]
[Site "Buenos Aires ARG"]
[Date "2003.08.23"]
[Round "6"]
[White "Scarella, Enrique Alejandro"]
[Black "Soppe, Guillermo"]
[Result "1-0"]
[WhiteElo "2374"]
[BlackElo "2467"]
[EventDate "2003.08.17"]
[PlyCount "75"]

1.Nf3 c6 2.c4 d5 3.d4 Nf6 4.Nc3 a6 5.c5 Bf5 6.Bf4 Nbd7 7.h3 h6 8.e3 g5 9.
Bh2 Bg7 10.Bd3 Bxd3 11.Qxd3 b6 12.cxb6 Qxb6 13.O-O O-O 14.Ne5 e6 15.Rac1 
Rfc8 16.b3 Qa5 17.Qb1 Bf8 18.Nd3 Qd8 19.Na4 a5 20.Rc2 Ne4 21.Qc1 Ra6 22.
Qd1 Nb6 23.Nac5 Nxc5 24.Nxc5 Ra7 25.Qh5 a4 26.f4 axb3 27.axb3 Nd7 28.fxg5 
Nxc5 29.gxh6 Ne4 30.Be5 f6 31.Qg6+ Bg7 32.Bxf6 Nxf6 33.hxg7 Rxg7 34.Qxf6 
Qd6 35.Rcf2 Re8 36.Rf4 Rb8 37.Rg4 Rxg4 38.Qf7+ 1-0

[Event "2nd American Continental"]
[Site "Buenos Aires ARG"]
[Date "2003.08.23"]
[Round "6"]
[White "Shabalov, Alexander"]
[Black "Garcia, Gildardo"]
[Result "1-0"]
[WhiteElo "2575"]
[BlackElo "2473"]
[EventDate "2003.08.17"]
[PlyCount "79"]

1.e4 c5 2.Nf3 d6 3.d4 cxd4 4.Nxd4 Nf6 5.Nc3 a6 6.Bc4 e6 7.Bb3 b5 8.Bg5 Be7
9.Qf3 Qc7 10.e5 Bb7 11.exd6 Bxd6 12.Qe3 Be5 13.O-O-O O-O 14.Rhe1 Nbd7 15.
Kb1 Rfe8 16.a3 Rac8 17.Bxf6 Bxf6 18.Nxe6 fxe6 19.Bxe6+ Kf8 20.Rxd7 Qxd7 
21.Bxd7 Rxe3 22.Rxe3 Rd8 23.Bh3 Rd2 24.f3 Rf2 25.Re1 Bxc3 26.bxc3 Bd5 27.
Kc1 Bc4 28.Rd1 Ke7 29.Rd2 Rf1+ 30.Kb2 Rh1 31.g3 g5 32.Bc8 a5 33.Rd7+ Kf6 
34.Rxh7 Rf1 35.Bb7 Rf2 36.Be4 Ke5 37.Rg7 Rxh2 38.Rxg5+ Kd6 39.Rg6+ Ke5 40.
a4 1-0

[Event "2nd American Continental"]
[Site "Buenos Aires ARG"]
[Date "2003.08.23"]
[Round "6"]
[White "Sosa Harrison, Jorge"]
[Black "Altamirano, Benjamin"]
[Result "1/2-1/2"]
[WhiteElo "2294"]
[BlackElo "2333"]
[EventDate "2003.08.17"]
[PlyCount "122"]

1.Nf3 g6 2.d4 Bg7 3.g3 c5 4.Bg2 cxd4 5.Nxd4 Nc6 6.Nxc6 bxc6 7.O-O Rb8 8.c3
Qb6 9.Qc2 Nf6 10.c4 c5 11.Nc3 d6 12.Rb1 O-O 13.h3 Bb7 14.e4 Bc6 15.Be3 Qb7
16.Kh2 Ne8 17.f3 Nc7 18.Qd2 Qb4 19.Rfc1 Rb7 20.Bh6 Ne6 21.Bxg7 Kxg7 22.Qd3
Nd4 23.h4 e5 24.Ne2 Rfb8 25.Nxd4 cxd4 26.Rc2 Bd7 27.Rf1 Qc5 28.Rff2 a5 29.
f4 Bg4 30.Bf3 Bd7 31.Bd1 f5 32.Bf3 Rf8 33.Rce2 Rc7 34.b3 fxe4 35.Bxe4 Bg4 
36.Bf3 Bf5 37.Be4 Rcf7 38.Bxf5 Rxf5 39.Re4 R8f7 40.Rd2 Qb4 41.Rde2 Qc5 42.
Rd2 a4 43.bxa4 Rb7 44.g4 Rff7 45.fxe5 dxe5 46.Rde2 Qe7 47.Qg3 d3 48.Rd2 
Rd7 49.Rxe5 Qb4 50.Qe3 Qxc4 51.Re4 Qc7+ 52.Qg3 Qc3 53.Qe5+ Qxe5+ 54.Rxe5 
Rf4 55.Kh3 Rxa4 56.Re3 Rdd4 57.Rg3 Ra3 58.Rf3 h6 59.Rdf2 Ra7 60.Rd2 Rad7 
61.a4 Rxa4 1/2-1/2

[Event "2nd American Continental"]
[Site "Buenos Aires ARG"]
[Date "2003.08.23"]
[Round "6"]
[White "Szmetan, Jorge"]
[Black "Duarte, Leonardo"]
[Result "1/2-1/2"]
[WhiteElo "2408"]
[BlackElo "2207"]
[EventDate "2003.08.17"]
[PlyCount "78"]

1.Nf3 Nf6 2.g3 g6 3.Bg2 Bg7 4.O-O O-O 5.d4 d6 6.c4 Nbd7 7.Nc3 e5 8.e4 c6 
9.Rb1 exd4 10.Nxd4 a5 11.h3 Nc5 12.Be3 Re8 13.Qc2 Qc7 14.Rfe1 h5 15.Rbd1 
Ne6 16.f4 Nxd4 17.Bxd4 Nh7 18.Qd2 Bxd4+ 19.Qxd4 a4 20.Qxd6 Qb6+ 21.Qd4 
Qxb2 22.Rb1 Qa3 23.e5 Bf5 24.Ne4 Bxe4 25.Qxe4 Re7 26.Kh2 Qxa2 27.f5 Nf8 
28.e6 gxf5 29.Qxf5 fxe6 30.Qxh5 Qxc4 31.Re4 Qc3 32.Rg4+ Rg7 33.Rbb4 Ng6 
34.Rxa4 Rxa4 35.Rxa4 Nf8 36.Qh4 Qe5 37.Rf4 Rf7 38.Rg4+ Rg7 39.Rf4 Rf7 
1/2-1/2